Sprawdzian z geografii - Statystyki

Ogólne statystyki
  • Ten quiz został rozwiązany 16 razy
    11 od ostatniego zresetowania
  • Średni wynik to 18 z 89
Statystyki odpowiedzi
Hint Odpowiedź % Poprawnych
Góry, Włochy (Półwysep Apeniński) Apeniny
100%
Góry, Rosja (granica Europa-Azja) Ural
100%
Góry, Rosja (granica Europa-Azja) Ural
100%
Góry, Łuk przez Środkową Europę Alpy
83%
Półwysep, Hiszpania / Portugalia Iberyjski
83%
Półwysep, Dania / Niemcy Jutlandzki
83%
Góry, Granica Rosja-Gruzja-Azerbejdżan Kaukaz
83%
Góry, Granica Rosja-Gruzja-Azerbejdżan Kaukaz
83%
Półwysep, Ukraina (Morze Czarne) Krymski
83%
Góry, Granica Francji i Hiszpanii Pireneje
83%
Góry, Łuk Środkowej Europy Karpaty
67%
Półwysep, Grecja (południe) Peloponez
67%
Góry, Bułgaria / Serbia Bałkany
50%
Półwysep, Francja (północny zachód) Bretoński
50%
Nizina, Południowa Ukraina Czarnomorska
50%
Półwysep, Rosja (obwód murmański) Kolski
50%
Wyżyna, Południowo-środkowa Francja Masyw Centralny
50%
Nizina, Rosja / Kazachstan (nad M. Kaspijskim) Nadkaspijska
50%
Nizina, Włochy (północ) Padańska
50%
Góry, Norwegia / Szwecja Skandynawskie
50%
Góry, Maroko / Algieria / Tunezja Atlas
33%
Góry, Wschodnie wybrzeże Adriatyku Dynarskie
33%
Pustynia, Mongolia / północne Chiny Gobi
33%
Góry, Środkowe Niemcy Harz
33%
Góry, Szkocja Kaledońskie
33%
Wyżyna, Północ Finlandii / Szwecji / Norwegii / Rosji Lapońska
33%
Pustynia, Północna Afryka Sahara
33%
Wyżyna, Zachodnia Ukraina / wsch. Polska Wołyńska
33%
Góry, Południowa Hiszpania Betyckie
17%
Góry, Granica Indie/Nepal–Chiny Himalaje
17%
Półwysep, Rosja (Daleki Wschód) Kamczatka
17%
Pustynia, Namibia / Angola Namib
17%
Góry, RPA / Lesotho Smocze
17%
Góry, Iran (zachód i południowy zachód) Zagros
17%
Wyżyna, Etiopia / Erytrea Abisyńska
0%
Półwysep, USA (Alaska) Alaska
0%
Nizina, Brazylia i sąsiednie kraje Amazonki
0%
Góry, Zachodnie wybrzeże Ameryki Południowej Andy
0%
Góry, USA / Kanada (wschód) Appalachy
0%
Pustynia, Arabia Saudyjska / Oman / ZEA / Jemen Ar-Rab al-Chali
0%
Pustynia, Chile / Peru Atacama
0%
Nizina, USA (wschodnie wybrzeże) Atlantycka
0%
Półwysep, Turcja Azja Mniejsza
0%
Wyżyna, Australia (Terytorium Północne) Barkley
0%
Wyżyna, Brazylia Brazylijska
0%
Kotlina, Czad / Nigeria / Niger / Kamerun Czadu
0%
Góry, Rosja (płn.-wsch. Syberia) Czerskiego
0%
Półwysep, Rosja (Daleki Wschód) Czukocki
0%
Wyżyna, Indie (Półwysep Indyjski) Dekan
0%
Półwysep, USA (południowy wschód) Floryda
0%
Pustynia, Australia (Australia Zachodnia) Gibsona
0%
Wyżyna, Północ kontynentu (Gujana, Wenezuela, Brazylia) Gujańska
0%
Nizina, Kanada (okolice Zatoki Hudsona) Hudsona
0%
Wyżyna, Iran / Afganistan / Pakistan Irańska
0%
Góry, Rosja (Zabajkale) Jabłonowe
0%
Półwysep, Australia (Queensland) Jork
0%
Półwysep, Meksyk / Gwatemala / Belize Jukatan
0%
Pustynia, Botswana / Namibia / RPA Kalahari
0%
Półwysep, Meksyk (północny zachód) Kalifornijski
0%
Szczyt, Tanzania Kilimandżaro
0%
Wyżyna, Australia (Australia Zachodnia) Kimberley
0%
Kotlina, DR Konga / Kongo / Angola Konga
0%
Góry, USA / Kanada / Meksyk (zachód) Kordyliery
0%
Góry, Chiny (centralne) Kunlun
0%
Pustynia, Uzbekistan / Kazachstan Kyzył-kum
0%
Półwysep, Kanada Labrador
0%
Nizina, Argentyna / Urugwaj / Paragwaj / Brazylia La Platy
0%
Półwysep, Malezja / Tajlandia / Myanmar Malajski
0%
Wyżyna, Meksyk (centralna część) Meksykańska
0%
Nizina, Irak / Syria / Turcja Mezopotamska
0%
Nizina, Wenezuela / Kolumbia Orinoko
0%
Wyżyna, Argentyna (południe) Patagońska
0%
Góry, RPA (południowy kraniec) Przylądkowe
0%
Góry, Meksyk (zachód) Sierra Madre Zachodnia
0%
Półwysep, Somalia / Etiopia / Dżibuti / Kenia Somalijski
0%
Wyżyna, Rosja (centralna Syberia) Środkowosyberyjska
0%
Pustynia, Chiny (Sinciang) Takla Makan
0%
Góry, Południowa Turcja Taurus
0%
Góry, Kirgistan / Kazachstan / Uzbekistan / Chiny Tien-Szan
0%
Wyżyna, Chiny (Tybet) Tybetańska
0%
Pustynia, Australia (północny zachód) Wielka Pustynia Piaszczysta
0%
Pustynia, Australia (południe) Wielka Pustynia Wiktorii
0%
Nizina, Australia (centrum i wschód) Wielki Basen Artezyjski
0%
Góry, Australia (wschodnie wybrzeże) Wielkie Góry Wododziałowe
0%
Wyżyna, USA / Kanada (centrum kontynentu) Wielkie Równiny
0%
Wyżyna, Kenia / Tanzania / Uganda Wschodnioafrykańska
0%
Nizina, Rosja (zachodnia Syberia) Zachodniosyberyjska
0%
Nizina, USA (południe, Zatoka Meksykańska) Zatokowa
0%
Półwysep, Australia (Terytorium Północne) Ziemia Arnhema
0%
Nie znaleziono quizów pasujących do podanych kryteriów
Rozkład punktacji
Procent ludzi z każdym wynikiem
Percentyl według liczby udzielonych odpowiedzi
Twoja historia wyników
Nie rozwiązałeś tego quizu od ostatniego zresetowania